| 000 | 00651nam a2200241Ia 4500 | ||
|---|---|---|---|
| 003 | OSt | ||
| 005 | 20220918191732.0 | ||
| 006 | a|||||r|||| 00| 0 | ||
| 007 | ta | ||
| 008 | 220917b |||||||| |||| 00| 0 eng d | ||
| 024 | _a64,853 | ||
| 037 | _cTextual | ||
| 040 |
_aARTS _cARTS _beng |
||
| 041 |
_2eng _aeng |
||
| 082 | _aQ4:23.253, N1 | ||
| 100 |
_aMishra Ram Prasad _977065 |
||
| 245 | 0 |
_aSahajayana _b a study of Tantric Buddhism |
|
| 260 |
_aCal;cutta _bPunthi Pustak _c1991 |
||
| 300 |
_axv,402p. _ccm. |
||
| 650 | _aRELIGION | ||
| 942 |
_hQ4:23.253, N1 _cTEXL _2CC |
||
| 999 |
_c191211 _d191211 |
||